000 00375pab a2200145 454500
008 180718b2013 xxu||||| |||| 00| 0 eng d
100 _aSumner, Andy
245 _aPoverty, politics and aid: Is a reframing of global poverty approaching?
260 _c2013
300 _ap.357-377.
650 _aPoverty
773 _aThird World Quarterly
908 _aN
909 _a99632
999 _c99631
_d99631